[Event "Danish Senior CHP for 50+ and 65+"]
[Site "Nyhavnsgade 14, 2. sal. 9000 Aalborg"]
[Date "2022.02.26"]
[Round "7.1"]
[White "Harlung, David"]
[Black "Danielsen, Henrik"]
[Result "0-1"]
[BlackElo "2525"]
[WhiteElo "1253"]
[LiveChessVersion "1.4.8"]

1. e4 {[%clk 1:28:49]} g6 {[%clk 1:27:58]} 2. d4 {[%clk 1:28:06]} Bg7
{[%clk 1:28:22]} 3. c4 {[%clk 1:27:57]} d6 {[%clk 1:28:31]} 4. Nc3
{[%clk 1:25:37]} Nf6 {[%clk 1:27:48]} 5. Nf3 {[%clk 1:23:19]} O-O
{[%clk 1:28:11]} 6. Bd3 {[%clk 1:21:26]} Bg4 {[%clk 1:28:02]} 7. h3
{[%clk 1:21:24]} Bxf3 {[%clk 1:28:13]} 8. Qxf3 {[%clk 1:21:29]} Nc6
{[%clk 1:28:38]} 9. Be3 {[%clk 1:19:19]} Nd7 {[%clk 1:28:39]} 10. Ne2
{[%clk 1:16:28]} Nde5 {[%clk 1:29:00]} 0-1

[Event "Danish Senior CHP for 50+ and 65+"]
[Site "Nyhavnsgade 14, 2. sal. 9000 Aalborg"]
[Date "2022.02.26"]
[Round "7.3"]
[White "Lilja, Richard"]
[Black "Pors, Kim"]
[Result "1-0"]
[BlackElo "1459"]
[WhiteElo "2112"]
[LiveChessVersion "1.4.8"]

1. e4 {[%clk 1:30:53]} c5 {[%clk 1:30:22]} 2. d4 {[%clk 1:30:42]} cxd4
{[%clk 1:29:58]} 3. c3 {[%clk 1:31:05]} dxc3 {[%clk 1:27:26]} 4. Nxc3
{[%clk 1:31:29]} e6 {[%clk 1:26:48]} 5. Bc4 {[%clk 1:30:17]} a6 {[%clk 1:24:17]}
6. Nf3 {[%clk 1:30:29]} Nc6 {[%clk 1:24:18]} 7. O-O {[%clk 1:30:04]} b5
{[%clk 1:22:39]} 8. Bb3 {[%clk 1:30:26]} Bc5 {[%clk 1:21:49]} 9. Qe2
{[%clk 1:28:16]} Nd4 {[%clk 1:20:13]} 10. Nxd4 {[%clk 1:27:31]} Bxd4
{[%clk 1:20:21]} 11. Be3 {[%clk 1:19:38]} Bxe3 {[%clk 1:20:09]} 12. Qxe3
{[%clk 1:19:44]} Ne7 {[%clk 1:17:57]} 13. Rfd1 {[%clk 1:14:59]} O-O
{[%clk 1:17:35]} 14. Rd3 {[%clk 1:10:23]} Bb7 {[%clk 1:12:02]} 15. Rad1
{[%clk 1:06:40]} Bc6 {[%clk 1:11:21]} 16. Ne2 {[%clk 1:01:36]} Qc8
{[%clk 1:00:28]} 17. h4 {[%clk 0:56:47]} Qb7 {[%clk 0:55:30]} 18. Qg5
{[%clk 0:52:56]} Ng6 {[%clk 0:32:28]} 19. h5 {[%clk 0:51:47]} h6 {[%clk 0:26:10]}
20. Qg3 {[%clk 0:49:59]} Ne7 {[%clk 0:24:12]} 21. Qd6 {[%clk 0:47:03]} Nc8
{[%clk 0:23:49]} 22. Qf4 {[%clk 0:46:14]} Nb6 {[%clk 0:19:41]} 23. Rg3
{[%clk 0:44:30]} Kh8 {[%clk 0:19:45]} 24. Bc2 {[%clk 0:40:03]} d5
{[%clk 0:18:04]} 25. e5 {[%clk 0:34:29]} f5 {[%clk 0:15:11]} 26. Nd4
{[%clk 0:32:45]} Qd7 {[%clk 0:13:11]} 27. Rg6 {[%clk 0:32:38]} Rae8
{[%clk 0:12:51]} 28. Nxc6 {[%clk 0:15:04]} Qxc6 {[%clk 0:12:53]} 29. Bxf5
{[%clk 0:12:52]} Rxf5 {[%clk 0:11:16]} 30. Qxf5 {[%clk 0:12:23]} Qd7
{[%clk 0:08:07]} 31. Qf4 {[%clk 0:11:56]} Qe7 {[%clk 0:06:53]} 32. Rd3
{[%clk 0:10:09]} Rf8 {[%clk 0:06:49]} 33. Rxh6+ {[%clk 0:07:10]} Kg8
{[%clk 0:06:44]} 34. Qg4 {[%clk 0:07:31]} Nc4 {[%clk 0:06:22]} 35. Qxe6+
{[%clk 0:07:06]} Qxe6 {[%clk 0:04:49]} 36. Rxe6 {[%clk 0:07:28]} Nxb2
{[%clk 0:04:52]} 37. Rxd5 {[%clk 0:07:45]} 1-0

[Event "Danish Senior CHP for 50+ and 65+"]
[Site "Nyhavnsgade 14, 2. sal. 9000 Aalborg"]
[Date "2022.02.26"]
[Round "7.4"]
[White "Thomsen, Søren"]
[Black "Munksgaard, Bo"]
[Result "1-0"]
[BlackElo "1593"]
[WhiteElo "1833"]
[LiveChessVersion "1.4.8"]

1. d4 {[%clk 1:30:44]} d6 {[%clk 1:30:40]} 2. c4 {[%clk 1:30:43]} e5
{[%clk 1:30:30]} 3. e3 {[%clk 1:30:35]} Nc6 {[%clk 1:29:36]} 4. d5
{[%clk 1:29:52]} Nce7 {[%clk 1:29:53]} 5. g3 {[%clk 1:29:22]} Ng6
{[%clk 1:29:41]} 6. h4 {[%clk 1:29:02]} h5 {[%clk 1:29:04]} 7. Be2
{[%clk 1:27:15]} Nf6 {[%clk 1:29:10]} 8. Nc3 {[%clk 1:27:23]} Be7
{[%clk 1:28:51]} 9. e4 {[%clk 1:27:22]} Bd7 {[%clk 1:27:58]} 10. Bg5
{[%clk 1:27:27]} Ng4 {[%clk 1:27:51]} 11. Nf3 {[%clk 1:23:55]} O-O
{[%clk 1:18:00]} 12. Bxe7 {[%clk 1:19:18]} Qxe7 {[%clk 1:18:08]} 13. Qd2
{[%clk 1:19:40]} f6 {[%clk 1:15:00]} 14. Nh2 {[%clk 1:16:04]} Kf7
{[%clk 1:05:25]} 15. Nxg4 {[%clk 1:15:09]} Bxg4 {[%clk 1:04:46]} 16. f3
{[%clk 1:15:06]} Bd7 {[%clk 1:05:11]} 17. O-O-O {[%clk 1:15:10]} Rh8
{[%clk 1:04:32]} 18. Rdf1 {[%clk 1:12:51]} Rae8 {[%clk 1:02:01]} 19. Nd1
{[%clk 1:07:57]} Kg8 {[%clk 0:57:36]} 20. Ne3 {[%clk 1:06:54]} Qd8
{[%clk 0:53:23]} 21. Nf5 {[%clk 1:05:48]} Qc8 {[%clk 0:53:22]} 22. Bd3
{[%clk 1:03:42]} a6 {[%clk 0:52:30]} 23. Kb1 {[%clk 1:03:20]} b5 {[%clk 0:51:05]}
24. Rc1 {[%clk 1:02:59]} bxc4 {[%clk 0:47:50]} 25. Rxc4 {[%clk 1:01:48]} Bxf5
{[%clk 0:45:51]} 26. exf5 {[%clk 1:02:03]} Ne7 {[%clk 0:46:09]} 27. g4
{[%clk 1:02:00]} Nxd5 {[%clk 0:44:46]} 28. Rc6 {[%clk 1:00:55]} Nb6
{[%clk 0:38:41]} 29. g5 {[%clk 0:59:57]} Kf8 {[%clk 0:37:27]} 30. Rhc1
{[%clk 0:59:53]} Qa8 {[%clk 0:33:16]} 31. g6 {[%clk 0:56:34]} Rc8
{[%clk 0:26:45]} 32. Be4 {[%clk 0:55:16]} Qb8 {[%clk 0:26:18]} 33. Qb4
{[%clk 0:54:40]} Ke8 {[%clk 0:26:06]} 34. Qb3 {[%clk 0:54:19]} Kd8
{[%clk 0:25:05]} 35. Qf7 {[%clk 0:53:00]} 1-0

[Event "Danish Senior CHP for 50+ and 65+"]
[Site "Nyhavnsgade 14, 2. sal. 9000 Aalborg"]
[Date "2022.02.26"]
[Round "7.5"]
[White "Pilgaard, Erik"]
[Black "Grue, Vibeke"]
[Result "0-1"]
[BlackElo "1213"]
[WhiteElo "1383"]
[LiveChessVersion "1.4.8"]

1. e4 {[%clk 1:30:35]} d6 2. d4 {[%clk 1:30:42]} Nf6 {[%clk 1:30:13]} 3. Nc3
{[%clk 1:30:36]} c6 {[%clk 1:24:01]} 4. Bf4 {[%clk 1:28:58]} Qa5 {[%clk 1:23:15]}
5. a3 {[%clk 1:27:20]} e5 {[%clk 1:22:06]} 6. dxe5 {[%clk 1:24:55]} dxe5
{[%clk 1:21:57]} 7. Bg3 {[%clk 1:24:29]} Nxe4 {[%clk 1:22:11]} 8. Nge2
{[%clk 1:19:59]} Bg4 {[%clk 1:20:09]} 9. Qd3 {[%clk 1:19:35]} Bf5
{[%clk 1:18:42]} 10. b4 {[%clk 1:19:23]} Bxb4 {[%clk 1:18:04]} 11. Bxe5
{[%clk 1:13:06]} Qxe5 {[%clk 1:08:36]} 12. axb4 {[%clk 1:12:44]} Nxc3
{[%clk 1:08:42]} 13. Qxc3 {[%clk 1:12:09]} Qxc3+ {[%clk 1:07:39]} 14. Nxc3
{[%clk 1:12:19]} Bxc2 {[%clk 1:07:51]} 15. Be2 {[%clk 1:11:50]} O-O
{[%clk 1:07:48]} 16. O-O {[%clk 1:12:15]} Nd7 {[%clk 1:03:38]} 17. Bf3
{[%clk 1:12:03]} a6 {[%clk 0:58:39]} 18. Rac1 {[%clk 1:09:33]} Bb3
{[%clk 0:55:21]} 19. Ne2 {[%clk 1:05:55]} Ne5 {[%clk 0:54:48]} 20. Be4
{[%clk 1:04:06]} Rad8 {[%clk 0:53:07]} 21. Rc3 {[%clk 1:02:13]} Bd1
{[%clk 0:48:45]} 22. Rh3 {[%clk 0:59:04]} g6 {[%clk 0:45:55]} 23. Nf4
{[%clk 0:56:37]} Rfe8 {[%clk 0:45:19]} 24. Re3 {[%clk 0:54:46]} f5
{[%clk 0:38:44]} 25. Bd5+ {[%clk 0:52:27]} cxd5 {[%clk 0:35:39]} 26. Rxd1
{[%clk 0:52:40]} d4 {[%clk 0:35:35]} 27. Rb3 {[%clk 0:50:04]} Rd6
{[%clk 0:34:37]} 28. h3 {[%clk 0:48:54]} g5 {[%clk 0:33:32]} 29. Nh5
{[%clk 0:45:28]} Kf7 {[%clk 0:32:39]} 30. f4 {[%clk 0:45:08]} gxf4
{[%clk 0:31:56]} 31. Nxf4 {[%clk 0:45:31]} Rg8 {[%clk 0:31:34]} 32. Kf2
{[%clk 0:42:05]} Kf6 {[%clk 0:29:29]} 33. Re1 {[%clk 0:41:01]} d3
{[%clk 0:28:43]} 34. Rd1 {[%clk 0:37:49]} Kg5 {[%clk 0:27:20]} 35. g3
{[%clk 0:35:33]} Re8 {[%clk 0:25:21]} 36. h4+ {[%clk 0:32:43]} Kg4
{[%clk 0:25:04]} 37. Ng2 {[%clk 0:29:45]} Rf8 {[%clk 0:22:34]} 38. Ne3+
{[%clk 0:28:14]} Kh5 {[%clk 0:22:20]} 39. Ng2 {[%clk 0:28:25]} Ng4+
{[%clk 0:22:29]} 40. Kf3 {[%clk 0:26:30]} Re8 {[%clk 0:20:35]} 41. Nf4+
{[%clk 0:24:17]} Kh6 {[%clk 0:20:34]} 42. Rbxd3 {[%clk 0:24:28]} Ne5+
{[%clk 0:20:31]} 0-1